Polovodičové obvody s malým šumem /

Enregistré dans:
Détails bibliographiques
Auteurs principaux: Žalud, Václav (Auteur, Traducteur), Kulešov, Valentin N. (Auteur)
Format: Livre
Langue:tchèque
Publié: Praha : SNTL, 1980
Édition:1.vyd.
Sujets:
Tags: Ajouter un tag
Pas de tags, Soyez le premier à ajouter un tag!

MARC

LEADER 00000nam a22000003a 4500
001 stu45226
005 20150617225715.5
008 960110s1980----cs------------------cze-d
040 |a STU  |b slo 
041 0 |a cze 
044 |a cs 
080 |a 621.382 
080 |a 534.322.3 
100 1 |a Žalud, Václav  |4 trl 
245 1 |a Polovodičové obvody s malým šumem /  |c [aut.]Václav Žalud, V.N. Kulešov; Z rus. Václav Žalud 
250 |a 1.vyd. 
260 |a Praha :  |b SNTL,  |c 1980 
300 |a 472 s 
650 7 |a elektronika  |2 stusub 
650 7 |a Obvody polovodičové  |2 stusub 
700 1 |a Žalud, Václav  |4 aut 
700 1 |a Kulešov, Valentin N.  |4 aut 
996 |b 284M045533  |c M*1029-1  |l MMKN  |s A  |a 24  |w stu45226_0001 
996 |b 284M047851  |c M*1029-2  |l MMKN  |s A  |a 24  |w stu45226_0002